Democracia moderna
Tallennettuna:
| Päätekijä: | |
|---|---|
| Aineistotyyppi: | Teksti |
| Julkaistu: |
Heredia:
CEDAL
|
| Tagit: |
Lisää tagi
Ei tageja, Lisää ensimmäinen tagi!
|
MARC
| LEADER | 00000 a a2200000 04500 | ||
|---|---|---|---|
| 001 | 14983 | ||
| 003 | |||
| 040 | |a CRAI/IIS |c CRAI/IIS | ||
| 090 | |a 028600 | ||
| 100 | |a Obregón Valverde, Enrique | ||
| 245 | |a Democracia moderna | ||
| 260 | |a Heredia: |b CEDAL | ||
| 300 | |a 30 p. | ||
| 999 | |c 17611 |d 17611 | ||
